Pilotes de F1 2023 - Statistiques

Statistiques générales
  • Ce quiz a été pris 84 fois
  • Le résultat moyen est 17 sur 20
Statistiques - réponses
Hint Réponse % Correct
Ferrari leclerc
100%
Mercedes hamilton
99%
Ferrari sainz
99%
Red bull verstappen
99%
Alpine gasly
97%
Alpine ocon
97%
Mercedes russell
94%
Mclaren norris
91%
Red bull perez
91%
Mclaren piastri
90%
Alpha tauri tsunoda
90%
Alfa romeo bottas
85%
Aston martin alonso
84%
Haas hulkenberg
78%
Haas magnussen
75%
Williams albon
70%
Alpha tauri de vries
70%
Williams sargeant
70%
Aston martin stroll
69%
Alfa romeo Guanyu
37%
Aucun quiz correspondant
Distribution des résultats
% des personnes avec chaque résultat
Percentile par nombre de réponses
Votre historique - résultats
Vous n’avez pas pris ce quiz